000 00303nam a2200109Ia 4500
008 190906s9999||||xx |||||||||||||| ||und||
100 _a Kenneth P. Jameson
245 4 _aThe Political Economy of Development and Under-Development
260 _aNew york
_bPrentice Hall
_c1992
300 _a656
942 _cBK
999 _c6069
_d6069